| 000 | 01112 a2200229 4500 | ||
|---|---|---|---|
| 003 | Nust | ||
| 005 | 20221119132119.0 | ||
| 010 | _a 93083225 | ||
| 020 | _a0030968003 | ||
| 040 | _cNust | ||
| 082 | 0 | 0 | _a515.15,ELL |
| 100 | 1 |
_aEllis, Robert, _931881 |
|
| 245 | 1 | 0 |
_aCalculus with analytic geometry / _cRobert Ellis, Denny Gulick. |
| 250 | _a5th ed. | ||
| 260 |
_aFort Worth : _bSaunders College Pub., _cc1994. |
||
| 300 |
_axx, 1024, 70, 19 p. : _bill. (some col.) ; _c27 cm. |
||
| 505 | _aApplicFunctions (Page-1), Limits and Continuity (Page-72), Derivatives (Page-128), Application of the Derivative (Page-204), The Integral (Page-277), Inverse Functions (Page-361), Techniques of Integration (Page-430), ation of the Integral (Page-493), Sequence and Series (Page-544), Curves I the (Page-636), Vectors Lines And Plans (Page-690), Vector Valued Functions (Page-737), Partial Derivatives (Page-797), Multiple Integral (Page-879), Calculus of Vector Fields (Page-952). | ||
| 650 | 0 | _aCalculus. | |
| 650 | 0 | _aGeometry, Analytic. | |
| 700 | 1 |
_aGulick, Denny. _939209 |
|
| 942 |
_cREF _2ddc _k515.15,ELL |
||
| 999 |
_c187591 _d187591 |
||